Ricostruisci la Carriera del Calciatore - Tomás Rincón - Statistics

Statistiche generali
  • Questo quiz è stato fatto 3 volte
  • Il punteggio medio è 3 su 8
Statistiche sulle risposte
Hint Risposta % Corretto
2008-2009 Deportivo Táchira
67%
2017 Juventus
67%
2009-2014 Amburgo
33%
2022-2023 Sampdoria
33%
2023- Santos
33%
2017-2022 Torino
33%
2014-2017 Genoa
0%
2006-2008 Zamora FC
0%
Nessun quiz corrispondente trovato
Distribuzione punteggi
Percentuale di utenti per punteggio
Percentile per numero di risposta
I tuoi punteggi nel tempo
Non hai fatto questo quiz